Coping with chronic illness : overcoming powerlessness
Αποθηκεύτηκε σε:
| Κύριος συγγραφέας: | |
|---|---|
| Μορφή: | Βιβλίο |
| Γλώσσα: | English |
| Δημοσίευση: |
Philadelphia :
F. A. Davis Company,
c2000
|
| Έκδοση: | 3rd ed. |
| Θέματα: | |
| Ετικέτες: |
Προσθήκη ετικέτας
Δεν υπάρχουν, Καταχωρήστε ετικέτα πρώτοι!
|
MARC
| LEADER | 00000nam a2200000 i 4500 | ||
|---|---|---|---|
| 001 | 1/74185 | ||
| 008 | 050323s2000 eng d | ||
| 020 | |a 0-8036-0298-7 | ||
| 035 | |l 10077308 | ||
| 040 | |a GR-MY-UA |b gre |e aacr | ||
| 041 | 0 | |a eng | |
| 082 | 0 | |a 610.7361 |2 (21) | |
| 100 | 1 | |a Miller, Judith Fitzgerald. | |
| 245 | 1 | 0 | |a Coping with chronic illness : |b overcoming powerlessness / |c Judith Fitzgerald Miller |
| 250 | |a 3rd ed. | ||
| 260 | |a Philadelphia : |b F. A. Davis Company, |c c2000 | ||
| 300 | |a xiv, 573 σ.; |b πίν.; |c 23 εκ. | ||
| 504 | |a Περιέχει βιβλιογραφικές παραπομπές και ευρετήριο | ||
| 650 | 0 | 0 | |a Chronic diseases |x Nursing. |
| 650 | 0 | 0 | |a Chronic diseases |x Psychological aspects. |
| 650 | 0 | 0 | |a Control (Psychology) |x Health aspects. |
| 650 | 0 | 0 | |a Sick |x Psychology. |
| 852 | |a INST |b LESVOS |e 20050323 |h 610.7361 MIL |p 005100030012 |q 005100030012 |t BK |y 0 | ||
| 901 | |a BIBL1-2005-1 | ||
| 909 | |a Λ |b 116269 | ||
| 920 | |a ΔΙΕΥΡΥΝΣΗ |b ΕΠΕΑΕΚ-ΤΚ |y ΛΕΣΒΟΣ |z 2004-10 | ||
| 970 | |a ΜΑΡΙΝΑΤΟΥ |b ΜΥΡΣΙΝΗ |z 2005/03/23 | ||